000 00981nam a2200253 i 4500
003 IT-RoINE
005 20190116094754.0
008 931209s1947 sp r 000 | spa d
040 _aES-MaCSI
_bspa
_cVL IT-RoINE
_dVL 0010325
_dIT-RoINE
041 _aspa
_hger
100 1 _aSchmidt, Paul Wilhelm,‏ ‎
_d1845-1921‏
_956116
245 1 0 _aManual de historia comparada de las religiones :
_borigen y formación de la religión : teorías y hechos /
_cpor el Dr. P. Guillermo Schmidt ; traducción del alemán por Emilio Huidobro y Edith Tech de Huidobro.
250 _aReimpr. de la 2ª ed., rev. y aum.
260 _aMadrid :
_bEspasa-Calpe,
_c1947.
300 _a286 p. ;
_c23 cm.
336 _2rdacontent
_atext
337 _2rdamedia
_aunmediated
338 _2rdacarrier
_avolume
650 4 _aReligión
_xHistoria
_956117
650 4 _aReligión
_xHistoriografía
_956118
700 1 _aHuidobro, Emilio
_956119
700 1 _956120
_aTech de Huidobro, Edith
942 _cMTS
999 _c28481
_d28481